ՀՀ Գիտությունների ազգային ակադեմիայի հիմնարար գիտական գրադարան  =   Fundamental Scientific Library of NAS RA

Ископаемые цветковые растения России и сопредельных государств : (Record no. 305013)

MARC details
000 -LEADER
fixed length control field 01012nam a2200241 a 4500
001 - CONTROL NUMBER
control field 000856493
003 - CONTROL NUMBER IDENTIFIER
control field AM-YeHGA
005 - DATE AND TIME OF LATEST TRANSACTION
control field 20250617145032.0
008 - FIXED-LENGTH DATA ELEMENTS--GENERAL INFORMATION
fixed length control field 120202s ||| r 000 0 rus d
020 ## - INTERNATIONAL STANDARD BOOK NUMBER
International Standard Book Number 5201110851
040 ## - CATALOGING SOURCE
Original cataloging agency AM-YeHGA
041 0# - LANGUAGE CODE
Language code of text/sound track or separate title rus
090 ## - LOCALLY ASSIGNED LC-TYPE CALL NUMBER (OCLC); LOCAL CALL NUMBER (RLIN)
-- 306720
245 00 - TITLE STATEMENT
Title Ископаемые цветковые растения России и сопредельных государств :
Remainder of title Leitneriaceae-Juglandaceae /
Statement of responsibility, etc. РАН, Ботанич. ин-т им. В. Л. Комарова; Под ред. Л. Ю. Буданцева.
246 15 - VARYING FORM OF TITLE
Title proper/short title Magnoliophyta Fossilia Rossiae et civatatum Finitimarum
260 ## - PUBLICATION, DISTRIBUTION, ETC.
Place of publication, distribution, etc. Санкт-Петербург :
Name of publisher, distributor, etc. Б. и.
300 ## - PHYSICAL DESCRIPTION
Extent т.
505 10 - FORMATTED CONTENTS NOTE
Miscellaneous information Т. 3 ( 1994, 118 с. : ил.)
Title Leitneriaceae - Juglandaceae
653 0# - INDEX TERM--UNCONTROLLED
Uncontrolled term Ботаника
653 0# - INDEX TERM--UNCONTROLLED
Uncontrolled term Цветковые растения
700 1# - ADDED ENTRY--PERSONAL NAME
Personal name Буданцев, Л.Ю.
Relator term ред.
Relationship edt
710 2# - ADDED ENTRY--CORPORATE NAME
Corporate name or jurisdiction name as entry element Ботанический инcтитут им. В.Л. Комарова РАН
Holdings
Withdrawn status Lost status Damaged status Not for loan Collection Home library Current library Date acquired Total checkouts Full call number Barcode Date last seen Price effective from Koha item type Public note
        General Fundamental Scientific Library Fundamental Scientific Library 09/01/2017   PIII/61179 FL0188086 09/01/2017 09/01/2017 Գրքեր / Books 30 Days Loan


ՀՀ ԳԱԱ հիմնարար գիտական գրադարան
ՀՀ,Երևան 0019
Մարշալ Բաղրամյան 24/6
հեռախոս:(374-10) 52-47-50
Հետադարձ կապ

All site content, except where otherwise noted, is licensed under a
Creative Commons License